000 00814nam a22002777a 4500
003 CHAP
005 20220329134857.0
008 971013s1966 r 00010 d
010 _a27359
011 _a28331
035 _a32435
040 _cCHAP
082 _a630.063
_bI5
110 _aINIA. México
_958464
245 _aCinemateca agropecuaria del INIA
260 _aMéxico, D.F. :
_bEl Instituto,
_c1966
300 _a28 h
590 _aBATCH-UPD
_b10
_c20130110
_lUCH01
_h2257
590 _aBATCH-UPD
_b10
_c20130410
_lUCH01
_h1550
590 _aBATCH-UPD
_b10
_c20130914
_lUCH01
_h1906
590 _aCONVERSION
_b10
_c20130109
_lUCH01
_h1316
650 1 4 _aPelículas en agricultura.
_986646
901 _aBK
942 _cLIBRO
949 _a630.063 I5
_bBC
_cLIBRO
_d33724000027801
_eLIBRO
_h73547
_i32435
_mD
_si
999 _c27359
_d27359